Vplyv geometrie nástroja FSW na technologické parametre zvárania hliníka

Uložené v:
Podrobná bibliografia
Hlavný autor: Fabian, Pavol, 1964- (Autor)
Ďalší autori: Blažíček, Peter, 1966- (Vedúci práce)
Médium: Rukopis Kniha
Jazyk:Slovak
Vydavateľské údaje: Bratislava : STU v Bratislave SjF, 2013
Predmet:
On-line prístup:VAIS
Tagy: Pridať tag
Žiadne tagy, Buďte prvý, kto otaguje tento záznam!

MARC

LEADER 00000ntm a22000003a 4500
001 stu286854
005 20150617230256.9
008 140321s2013----xo------------------slo-d
040 |a STU  |b slo 
041 0 |a slo 
044 |a xo 
100 1 |a Fabian, Pavol,  |d 1964-  |4 aut  |u J  |T SjF Strojnícka fakulta  |X 51530  |U J  |Y 20  |7 A000051530 
242 0 0 |a Effect of tool geometry on FSW technological parameters of welding aluminum  |y eng 
245 1 |a Vplyv geometrie nástroja FSW na technologické parametre zvárania hliníka 
260 |a Bratislava :  |b STU v Bratislave SjF,  |c 2013 
650 7 |a Production Processes and Materials  |2 estusub 
650 7 |a nástroje  |2 stusub 
650 7 |a strojárske technológie a materiály  |2 stusub 
700 1 |a Blažíček, Peter,  |d 1966-  |4 ths  |u J0050  |U SjF Strojnícka fakulta  |T SjF Ústav technológií a materiálov  |X 54276  |U J0050  |Y 803  |7 A000054276 
856 4 |a info a plný text  |u http://is.stuba.sk/zp/portal_zp.pl?podrobnosti=94639  |3 VAIS 
996 |b 284J042337  |c J*1333/DP  |l JJSK  |s A  |a 24  |w stu286854_0001